Presidentes do Brasil - Statistics

Estatísticas Gerais
  • Esse quiz foi jogado 97 vezes
  • A pontuação média é 22 de 39
Estatísticas das Respostas
Mandato Presidente % Correto
2011-16 Dilma Rousseff
92%
2003-10 Luiz Inácio Lula da Silva
92%
2023-hoje Luiz Inácio Lula da Silva
92%
2019-22 Jair Bolsonaro
91%
2016-18 Michel Temer
89%
1889-91 Deodoro da Fonseca
85%
1930-45 Getúlio Vargas
85%
1951-54 Getúlio Vargas
85%
1994-02 Fernando Henrique Cardoso
83%
1990-92 Fernando Collor
81%
1961-61 Jânio Quadros
75%
1964-67 Castelo Branco
69%
1961-64 João Goulart
69%
1992-94 Itamar Franco
68%
1891-94 Floriano Peixoto
67%
1956-61 Juscelino Kubitschek
67%
1985-90 José Sarney
64%
1969-74 Médici
60%
1979-85 João Figueiredo
55%
1967-69 Costa e Silva
53%
1954-55 Café Filho
52%
1926-30 Washington Luis
52%
1894-98 Prudente de Moraes
45%
1974-79 Ernesto Geisel
44%
1910-14 Hermes da Fonseca
41%
1898-02 Campos Sales
40%
1946-51 Gaspar Dutra
40%
1914-18 Venceslau Brás
40%
1909-10 Nilo Peçanha
39%
1906-09 Afonso Pena
37%
1919-22 Epitácio Pessoa
36%
1922-26 Arthur Bernardes
32%
1955-55 Carlos Luz
31%
1955-56 Nereu Ramos
29%
1961-61 Ranieri Mazzilli
28%
1964-64 Ranieri Mazzilli
28%
1902-06 Rodrigues Alves
27%
1918-19 Delfim Moreira
25%
1945-46 José Linhares
21%
Nenhum quiz correspondente encontrado
Distribuição das Pontuações
Porcentagem de Pessoas com Cada Pontuação
Percentil de Números Respondidos
Sua Pontuação Histórica
Você não jogou esse quiz